| 000 | 00751cam a22002412 4500 | ||
|---|---|---|---|
| 001 | 0000003698 | ||
| 005 | 20151217151928.0 | ||
| 008 | 070514s xx 000 0 eng d | ||
| 020 |
_a0471524611 : _cKES 500 (donation) |
||
| 040 |
_aKABU _cKABU |
||
| 050 | 0 |
_aQC21.2 _b.H35 1993 |
|
| 100 | 1 |
_aHalliday, David. _@0000081654 |
|
| 245 | 1 | 0 |
_aFundamentals of physics / _cDavid Halliday, Robert Resnick, Jearl Walker. |
| 250 | _a4th ed. | ||
| 260 |
_aNew York : _bJohn Wiley & Sons, Inc, _c1993. |
||
| 300 |
_axxx, 1130 p. ; _c26 cm. |
||
| 650 | 0 |
_aPhysics. _@0000153778 |
|
| 700 | 1 |
_aResnick, Robert. _@0000153782 |
|
| 700 | 1 |
_aWalker, Jearl. _@0000153783 |
|
| 908 | _a070514 | ||
| 950 | _@1 | ||
| 999 |
_c6457 _d6457 |
||